| 000 | 00661cab a2200217 4500 | ||
|---|---|---|---|
| 001 | WB2337-07 | ||
| 008 | 090401t1987 xxu||||| |||| 00| 0 eng d | ||
| 035 | _a(Sirsi) u499 | ||
| 041 | _aeng | ||
| 245 | _aNew contract form for ICE | ||
| 260 | _c1987 | ||
| 350 | _a0 | ||
| 490 |
_aConstruction News _vno 6031, 17/9/87 p6 |
||
| 520 | _aExplains the new style of contract suitable for all types of engineering contracts commissioned by the Institution of Civil Engineers . | ||
| 650 | _aBPF SYSTEM | ||
| 650 | _aBUILT ENVIRONMENT-BUILDING CONTRACT FORMS | ||
| 650 | _aCIVIL ENGINEERING | ||
| 690 | _aBUILT ENVIRONMENT | ||
| 942 | _n0 | ||
| 948 | _c04/03/1997 | ||
| 999 |
_c224 _d224 |
||